| 000 | 00554nam a2200145Ia 4500 | ||
|---|---|---|---|
| 008 | 190813s9999 xx 000 0 und d | ||
| 020 | _a9781416622383 | ||
| 100 | _aEchevarria, Jana. | ||
| 245 |
_cJana Echevarria, Nancy Frey, Douglas Fisher.-- _aHow to reach the hard to teach : _bexcellent instruction for those who need it most / |
||
| 260 |
_aVirginia : _bASCD _c2016 |
||
| 300 | _a174 pages. | ||
| 500 | _aIncludes bibliographic references and index. | ||
| 650 | _aChildren with social disabilities -- education. | ||
| 650 | _aSlow learning children. | ||
| 999 |
_c362039 _d362039 |
||